Ethnicities in Estonia (2021) - Statistics

General Stats
  • This quiz has been taken 123 times
  • The average score is 72 of 211
Answer Stats
Ethnicity People Most commonly inhabited region % Correct
Estonian 919 711 Northern Europe
99%
Russian 315 252 Eastern Europe / North Asia
97%
Finnish 8 543 Northern Europe
93%
Latvian 3 827 Northern Europe
93%
Lithuanian 2 097 Northern Europe
90%
Polish 1 845 Central Europe
89%
Ukrainian 27 828 Eastern Europe
89%
German 2 701 Central Europe
87%
Swedish 811 Northern Europe
85%
Belarusian 11 606 Eastern Europe
84%
Chinese 427 East Asia
80%
Norwegian 238 Northern Europe
79%
French 1 275 Western Europe
78%
Romani 676 Central, Eastern, & Southern Europe & Western Asia
77%
Spanish 767 Southern Europe
74%
Danish 196 Northern Europe
72%
Italian 1 181 Southern Europe
70%
Serbo-Croatian 1 Southern Europe
70%
Slovak 106 Central Europe
70%
English 999 Western Europe
68%
Japanese 214 East Asia
67%
Turkish 763 Western Asia
67%
Czech 181 Central Europe
66%
Portuguese 263 Southern Europe
66%
Dutch 345 Western Europe
65%
Greek 338 Southern Europe
64%
Hungarian 380 Central Europe
64%
Kazakh 293 Central Asia
64%
Serbian 70 Southern Europe
64%
Irish 164 Western Europe
63%
Persian 426 Western Asia
63%
Afroamerican 18 North America
62%
American 645 North America
62%
Armenian 1 666 Western Asia
62%
Croatian 76 Southern Europe
60%
Georgian 946 Western Asia
59%
Azerbaijani 1 546 Western Asia
58%
Brazilian 460 South America
58%
Scottish 34 Western Europe
58%
Slovene 49 Southern Europe
58%
Uzbek 204 Central Asia
58%
Austrian 130 Central Europe
57%
Canadian 124 North America
57%
Korean 208 East Asia
57%
Vietnamese 54 Southeast Asia
55%
Angloaustralian 136 Oceania
54%
Mexican 159 North America
54%
Arab 489 Western Asia / North Africa
53%
Bulgarian 406 Southern Europe
53%
Swiss 136 Central Europe
53%
Bosnian 5 Southern Europe
52%
Icelandic 23 Northern Europe
52%
Moldavian 730 Eastern Europe
52%
Mongol 12 East Asia
51%
Thai 146 Southeast Asia
51%
Albanian 76 Southern Europe
50%
Turkmen 35 Central Asia
50%
Bengali 389 South Asia
48%
Afghani 27 Central Asia
47%
Romanian 517 Europe
47%
Kyrgyz 55 Central Asia
46%
Malay 25 Southeast Asia
46%
Tat 46 Western Asia
46%
Jewish 1 852 Western Asia / North America
45%
Tajik 64 Central Asia
45%
Macedonian 22 Southern Europe
44%
Welsh 2 Western Europe
44%
Crimean Tatar 1 Eastern Europe
43%
Colombian 86 South America
42%
Indonesian 77 Southeast Asia
42%
Somali 3 East Africa
42%
Argentinian 63 South America
41%
Burmese 2 Southeast Asia
41%
Cuban 23 North America
40%
Peruvian 46 South America
40%
Amhara 11 East Africa
39%
Chechen 58 Eastern Europe
39%
New Zealander 28 Oceania
39%
Oromo 1 East Africa
39%
Pakistani 560 South Asia
39%
Tatar 1 938 Eastern Europe / Central Asia
39%
Karelian 290 Northern Europe
37%
Kurdish 50 Western Asia
37%
Maltese 16 Southern Europe
37%
Uruguayan 8 South America
37%
Chilean 34 South America
36%
Montenegrin 4 Southern Europe
36%
Nepali 178 South Asia
36%
Catalan 8 Southern Europe
35%
Kongo 15 Central Africa
35%
Paraguayan 4 South America
34%
Luxemburger 6 Western Europe
33%
Mari 225 Eastern Europe
32%
Tagalog 8 Southeast Asia
32%
Venezuelan 45 South America
32%
Berber 18 North Africa
31%
Dominican 4 North America
31%
Dominicanian 10 North America
31%
Hindu 1 165 South Asia
31%
Uigur 9 Central Asia & East Asia
31%
Khmer 8 Southeast Asia
30%
Salvadorian 5 North America
30%
Sinhalese 72 South Asia
30%
Tamil 46 South Asia
30%
Afrikaner 66 Southern Africa
29%
Ecuadorian 30 South America
29%
Honduran 7 North America
29%
Igbo 152 West Africa
29%
Panamanian 7 North America
29%
Basque 4 Southern Europe
27%
Guatemalan 20 North America
27%
Udmurt 180 Eastern Europe
27%
Bashkir 112 Eastern Europe
26%
Jamaican 2 North America
26%
Karaim 11 Eastern Europe
26%
Komi 89 Eastern Europe
26%
Komi-permyak 9 Eastern Europe
26%
Nicaraguan 33 North America
26%
Punjabi 11 South Asia
26%
Tibetan 3 East Asia
26%
Yoruba 285 West Africa
26%
Zulu 3 Southern Africa
26%
Hausa 15 West Africa
25%
Ossetian 78 Eastern Europe
25%
Tuvinian 6 North Asia
25%
Fiji 12 Oceania
24%
Circassian 19 Eastern Europe
23%
Ingrian 298 Northern Europe
23%
Kalmyk 20 Eastern Europe
23%
Flemish 62 Western Europe
22%
Rusyn 95 Central & Eastern Europe
22%
Vepsian 55 Eastern Europe
22%
Walloonian 38 Western Europe
22%
Gujarati 3 South Asia
21%
Ingush 18 Eastern Europe
21%
Livonian 15 Northern Europe
21%
Samoan 2 Oceania
21%
Telugu 9 South Asia
21%
Yakut 22 North Asia
21%
Breton 2 Western Europe
20%
Buryat 22 North Asia
20%
Javanese 2 Southeast Asia
20%
Mordvinian 368 Eastern Europe
20%
Chuvash 334 Eastern Europe
19%
Kannada 8 South Asia
19%
Malagasy 1 Southern Africa
19%
Bolivian 4 South America
18%
Nenets 1 Eastern Europe
18%
Assyrian 14 West Asia
17%
Andorran 1 Southern Europe
16%
Avar 39 Eastern Europe
16%
Barbadian 1 North America
16%
Malayalam 18 South Asia
16%
Swahili 16 East Africa
16%
Trinidadian 1 North America
16%
Karakalpak 1 Cental Asia
15%
Sindhi 2 South Asia
15%
Altai 3 North Asia
14%
Frisian 2 Western Europe
14%
Abkhazian 14 Eastern Europe
13%
Eskimo 12 North Asia & North America
13%
Gagauz 46 Eastern Europe
13%
Rwanda 6 East Africa
13%
Khakass 7 North Asia
12%
Khanty 4 North Asia
12%
Kumyk 18 Eastern Europe
12%
Laz 1 West Asia
12%
Lezgin 128 Eastern Europe
12%
Nogay 4 Eastern Europe
12%
Votian 10 Northern Europe
12%
Kabardian 9 Eastern Europe
11%
Mansi 1 North Asia
11%
Quechua 1 South America
11%
Balkar 9 Eastern Europe
10%
Kashmiri 4 South Asia
10%
Sotho 1 Southern Africa
10%
Talysh 4 West Asia
10%
Ainu 2 East Asia
9%
Corsican 2 Southern Europe
9%
Guarani 1 South America
9%
Guinean 4 West Africa
9%
Karachay 5 Eastern Europe
9%
Even 18 North Asia
8%
Evenk 7 North Asia
8%
Izhorian 51 Northern Europe
8%
Abazin 9 West Asia & Eastern Europe
7%
Dargwa 31 Eastern Europe
7%
Lak 22 Eastern Europe
7%
Maya 4 North America
7%
Nganasan 2 North Asia
7%
Puerto Rican 1 North America
7%
Shona 6 Southern Africa
7%
Yukaghir 1 North Asia
7%
Akan 36 West Africa
6%
Chukchi 6 North Asia
6%
Nanai 10 North Asia
6%
Rutul 3 Eastern Europe
6%
Tuareg 1 North Africa
6%
Creole (French-based) 1 N/A
5%
Creole (other) 2 N/A
5%
Dolgan 1 North Asia
5%
Koryak 1 North Asia
5%
Tabasaran 1 Eastern Europe
5%
Ket 1 North Asia
4%
Lapp 6 Northern Europe
4%
Oroch 1 North Asia
4%
Aghul 1 Eastern Europe
3%
Maasai 2 East Africa
3%
Nahua 2 North America
2%
Negidal 2 North Asia
1%
Adyghian 5 Eastern Europe
0%
No matching quizzes found
Score Distribution
Percent of People with Each Score
Percentile by Number Answered
Your Score History
You have not taken this quiz